Logic: a comprehensive introduction /

Bibliographic Details
Main Author: Guttenplan, Samuel D.
Other Authors: Tamny, Martin
Format: Book
Language:English
Published: New York : Basic Books, [1971]
Subjects:

MARC

Tag First Indicator Second Indicator Subfields
LEADER 00000cam a2200000 4500
001 in00000333349
005 20151011051646.0
008 711213s1971 nyua b 00110 eng
010 |a  77158447  
020 |a 0465041604  |c $10.00 
035 |a (OCoLC)00216087 
035 |9 ABL0008AM 
040 |a DLC  |c DLC  |d TXA  |d UtOrBLW 
049 |a TXAM  |c [954203] 
050 0 |a BC108  |b .G87 
082 0 |a 160 
100 1 |a Guttenplan, Samuel D. 
245 1 0 |a Logic: a comprehensive introduction /  |c [by] Samuel D. Guttenplan [and] Martin Tamny. 
264 1 |a New York :  |b Basic Books,  |c [1971] 
300 |a xiii, 384 pages :  |b illustrations ;  |c 25cm. 
336 |a text  |b txt  |2 rdacontent 
337 |a unmediated  |b n  |2 rdamedia 
338 |a volume  |b nc  |2 rdacarrier 
504 |a Bibliography: pages 374-377. 
650 0 |a Logic. 
700 1 |a Tamny, Martin. 
999 |a MARS 
999 f f |s c56558bc-d782-36c4-8901-1032669706b7  |i b177c7c7-486e-3310-a8ad-ef277f717c12  |t 0 
952 f f |p normal  |a Texas A&M University  |b College Station  |c Sterling C. Evans Library  |d Evans: Library Stacks  |t 0  |e BC108 .G87  |h Library of Congress classification  |i unmediated -- volume  |m A14801640397 
998 f f |a BC108 .G87  |t 0  |l Evans: Library Stacks